LEADER 02087oam 2200517 450 001 9910708121303321 005 20130523123623.0 035 $a(CKB)3710000000913151 035 $a(OCoLC)828676708 035 $a(EXLCZ)993710000000913151 100 $a20130228d2013 ua 0 101 0 $aeng 135 $aur||||||||||| 181 $ctxt$2rdacontent 182 $cc$2rdamedia 183 $acr$2rdacarrier 200 10$aAdvancing the federal-tribal relationship through self-governance and self-determination $ehearing before the Committee on Indian Affairs, United States Senate, One Hundred Twelfth Congress, second session, September 20, 2012 210 1$aWashington :$cU.S. G.P.O.,$d2013. 215 $a1 online resource (iii, 50 pages) 225 1 $aS. hrg. ;$v112-713 300 $aTitle from title screen (viewed February 28, 2013). 300 $aPaper version available for sale by the Superintendent of Documents, United States Government Printing Office. 320 $aIncludes bibliographical references. 517 $aAdvancing the federal-tribal relationship through self-governance and self-determination 606 $aFederally recognized Indian tribes 606 $aFederal-Indian trust relationship 606 $aTribal government$zUnited States 606 $aSelf-determination, National$zUnited States 606 $aIndians of North America$xLegal status, laws, etc 606 $aIndians of North America$xGovernment relations 615 0$aFederally recognized Indian tribes. 615 0$aFederal-Indian trust relationship. 615 0$aTribal government 615 0$aSelf-determination, National 615 0$aIndians of North America$xLegal status, laws, etc. 615 0$aIndians of North America$xGovernment relations. 801 0$bGPO 801 1$bGPO 801 2$bGPO 801 2$bOCLCQ 801 2$bOCLCO 801 2$bGPO 906 $aBOOK 912 $a9910708121303321 996 $aAdvancing the federal-tribal relationship through self-governance and self-determination$93530331 997 $aUNINA LEADER 05593nam 2200709 450 001 9910823497303321 005 20230803204516.0 010 $a1-118-67845-1 010 $a1-118-67812-5 035 $a(CKB)3710000000226992 035 $a(EBL)1775467 035 $a(SSID)ssj0001412010 035 $a(PQKBManifestationID)11889202 035 $a(PQKBTitleCode)TC0001412010 035 $a(PQKBWorkID)11405897 035 $a(PQKB)11507320 035 $a(MiAaPQ)EBC1775467 035 $a(JP-MeL)3000045956 035 $a(Au-PeEL)EBL1775467 035 $a(CaPaEBR)ebr10921715 035 $a(CaONFJC)MIL640731 035 $a(OCoLC)890071816 035 $a(EXLCZ)993710000000226992 100 $a20140910h20142014 uy 0 101 0 $aeng 135 $aur|n|---||||| 181 $ctxt 182 $cc 183 $acr 200 10$aLSAT for dummies /$fby Lisa Zimmer Hatch, Scott Hatch, Amy Hackney Blackwell 205 $aSecond edition. 210 1$aHoboken, New Jersey :$cJohn Wiley & Sons, Inc.,$d2014. 210 4$dİ2014 215 $a1 online resource (435 p.) 225 1 $aFor Dummies 300 $a"Making Everything Easier!"--Cover. 300 $aIncludes index. 311 $a1-118-67823-0 311 $a1-322-09480-2 327 $aTitle Page ; Copyright Page ; Contents at a Glance; Table of Contents; Introduction; About This Book; Foolish Assumptions; Icons Used in This Book; Beyond the Book; Where to Go from Here; Part I: Getting Started with the LSAT; Chapter 1: The L Team: The LSAT and Its Administrators; Getting to Know the Enemy; Taking a Quick Look at the Types of Questions; Analytical reasoning - playing games with your head; Logical reasoning - putting your arguing skills to good use; Reading comprehension - concentrating and remembering what you read; The writing sample - jumping the final hurdle 327 $aYou Gotta Score!Registering for the LSAT; Preparing for the LSAT; What really helps; Practice makes perfect; What Have You Done for Me Lately? The LSAC; Creating and administering the LSAT; Aiding in law school applications; Providing other goods and services; Chapter 2: Test-Taking Basics: Setting Yourself Up for Success; Planning Your LSAT Test-Taking Tactics; Maximizing your chances; Taking the straight or the winding road; Filling in the dots; Taking the occasional break; To Guess or Not to Guess; The joy of statistics; Is Choice (B) really best?; Increase your odds: Eliminate the duds 327 $aReadying Yourself for BattleWhat to bring; What to leave behind; Life after the LSAT: What to Do Now?; Yeah, that worked for me; Wait, I can do better than that!; Chapter 3: The Lowdown on Law School Admissions; Choosing a Law School; Where to go for information; Important considerations; Keeping ranking in mind; Filling Out All the Forms - Applying to Law School; Pick more than one; How admissions work; Don't forget the money; Part II: Analytical Reasoning: Following the Rules of the Logic Game; Chapter 4: Gaming the Analytical Reasoning Questions; Analyzing the Analytical Reasoning Section 327 $aSetting Yourself Up for Success Step by StepGet the facts, decide between ordering and grouping, and set up your game board; Consider the rules and modify your game board; Answer the questions; Attending to Some Analytical Reasoning Do's; Take time to develop your game board; Pick your battles; Remember that four wrongs make a right; Stay calm; Decide which problem to confront first; Maintain your perspective; Keep practicing; Chapter 5: Proper Placement: Analytical Reasoning Ordering Games; Spotting Ordering Games; Becoming Chairman of the (Game) Board; Putting together the game pieces 327 $aDrawing the box chartRecording the rules; Analyzing the rules; Answering Ordering Questions; Substitute condition questions; Completely determined order questions; Ordering the Approach to an Advanced Game; Chapter 6: Type Casting: Grouping Games; Classifying Grouping Games; Following the Rules of Division; Target rules; Joining rules; If/then rules; Expanding the Grouping Game Board; Mastering Practice Grouping Games; An in/out grouping game; A more complex grouping game; Part III: Logical Reasoning: Picking Apart an Argument; Chapter 7: Analyzing Arguments: The Basics of Logical Reasoning 327 $aWhat You Can Expect in the Logical Reasoning Sections 330 $aIncrease your score on the LSAT If you''re preparing for law school, your single biggest hurdle is the Law School Admission Test or LSAT. This three and a half hour exam consisting of five multiple choice sections and one timed writing sample can make or break your legal aspirations. Fortunately, LSAT For Dummies, Premier PLUS 2nd Edition-now with access to practice tests online prepares you for the LSAT by giving you proven test-taking strategies and ample practice opportunities. From the book you''ll gain the vital tools you need to understand the reasoning behind analytical reasoning, get 410 0$a--For dummies. 606 $aLaw School Admission Test$vStudy guides 606 $aLaw schools$zUnited States$xEntrance examinations$vStudy guides 615 0$aLaw School Admission Test 615 0$aLaw schools$xEntrance examinations 676 $a342.076 700 $aHatch$b Lisa Zimmer$0847586 702 $aHatch$b Scott A$c(Attorney), 702 $aHackney Blackwell$b Amy 801 0$bMiAaPQ 801 1$bMiAaPQ 801 2$bMiAaPQ 906 $aBOOK 912 $a9910823497303321 996 $aLSAT for dummies$93964826 997 $aUNINA LEADER 02387nam 22006013a 450 001 9910917276303321 005 20250204000020.0 035 $a(CKB)36719705900041 035 $a(ScCtBLL)d380f21a-98f1-446f-9a51-7893f717d80c 035 $a(OCoLC)1166570707 035 $a(Perlego)2339746 035 $a(oapen)doab36581 035 $a(EXLCZ)9936719705900041 100 $a20250204i20162020 uu 101 0 $ager 135 $aur||||||||||| 181 $ctxt$2rdacontent 182 $cc$2rdamedia 183 $acr$2rdacarrier 200 04$aDas Heroon von Trysa, 13 B$fAlice Landskron 210 $cHolzhausen$d2016 210 1$a[s.l.] :$cHolzhausen,$d2016. 215 $a1 online resource (1 p.) 311 08$a9783902976444 311 08$a3902976446 330 $aThe study examines the friezes of the Heroon of Trysa in context of Lycian culture and society and interprets the selection of the picture themes. In a very exceptional way the friezes visualize Greek, Lycian and Persian subjects and contents which characterize the world of the Lycians and meet the requirements of the tomb owner. The second part includes images, supplements, tables, and lists of images.The first part of the 2-volume publication includes an introduction, the status of research, typological and iconographical analysis of the friezes, chapters on the style, the interpretation of the Heroon, and a catalogue, including description and technical information on the friezes, and bibliographical abbreviations. http://e-book.fwf.ac.at/o:874 The second part includes images, supplements, tables, lists of images http://e-book.fwf.ac.at/o:875 606 $aHistory$2bicssc 610 $aAmazonen 610 $aBritish Museum 610 $aGreek Classic 610 $aGreek Myths 610 $aGriechische Klassik 610 $aGriechische Mythen 610 $aHeroon 610 $aKentaur 610 $aKentaurenschlacht 610 $aLapithen 610 $aLeukippiden 610 $aLycia 610 $aLycian Dynasts 610 $aLykien 610 $aLykische Dynasten 610 $aSarkophag 610 $aTrysa 610 $aWien 615 7$aHistory 700 $aLandskron$b Alice$01222615 801 0$bScCtBLL 801 1$bScCtBLL 906 $aBOOK 912 $a9910917276303321 996 $aDas Heroon von Trysa, 13 B$94323137 997 $aUNINA